000 00907nam a2200253 i 4500
001 180766
003 ES-MaACL
005 20250911062853.0
008 120710s2011 sp a |||| | mul d
020 _a978-84-9895-769-3
080 _a82-1
245 0 0 _aTraducciones, perversiones /
_c[selección y traducción] Leopoldo María Panero ; edición de Túa Blesa.
260 _aMadrid :
_bVisor Libros,
_c[2011]
300 _a352 p. :
_bil. ;
_c20 cm.
490 1 _aColección Visor de poesía ;
_v769
546 _aTextos en latín, inglés y francés y traducción en español.
650 0 7 _aPoesías.
_9166796
700 1 _aPanero, Leopoldo María,
_d1948-2014
_988768
700 1 _aBlesa, Túa,
_d1950-
_929477
830 0 _aColección Visor de poesía
_v769
_9177331
852 _aES-MaACL
_jA-12133
_9187677
_bR.147077
_cDEPO1
_dOlim: N-5138
942 _2udc
_cMONOGRAFIA
999 _c180766
_d180766